000 00563nam a2200181Ia 4500
008 090124s9999 xx 000 0 und d
082 _b114030
100 _aवैद्य भालचंद्र.
245 _a बाल गोपाल कृष्ण
250 _a4
260 _c1970
300 _a36
600 _aवैद्य भालचंद्र.
630 _a बाल गोपाल कृष्ण
700 _aवैद्य भालचंद्र.
730 _a बाल गोपाल कृष्ण
942 _cBOOK
999 _c160121
_d160121